Представление документа в формате RUSMARC

ПолеНазваниеЗначение
  Тип записи a
  Библиографический уровень a
001 Контрольный номер RU/CBS_UL/BASE/b68aba75c7004c0daabf07dfef2ef5a0
005 Дата корректировки 20250527154039.6
100 Данные общей обработки __
a Данные общей обработки 20250527 ||| 0rusy0189 ca
101 Язык документа 0_
a Язык текста rus
102 Страна публикации __
a Страна публикации RU
200 Заглавие и сведения об ответственности 1_
a Заглавие Гения создала жена
e Сведения, относящиеся к заглавию [история любви И. Смоктуновского к своей жене Суламифь]
f Первые сведения об ответственности М. Соболева
300 Общие примечания __
a Общие примечания 16+
461 Уровень набора _0
1 2000
a Тайны СССР
463 Уровень физической единицы _0
1 2000
a № 9
v С. 14-15 : фото
1 2101
d 2025
1 001RU/CBS_UL/BASE/e69d7ada98884a32b8b9b558b198e522
600 Персоналии _1
a Персоналии (Фамилия) Смоктуновский
b Персоналии (Имя, инициалы) И. М.
606 Тематические рубрики 0_
a Основная рубрика Смоктуновский, Иннокентий Михайлович (1925-1994)
610 Ключевые слова 0_
a Ключевые слова актёры
610 Ключевые слова 0_
a Ключевые слова советские актёры
610 Ключевые слова 0_
a Ключевые слова актёры советские
610 Ключевые слова 0_
a Ключевые слова актёры театра и кино
610 Ключевые слова 0_
a Ключевые слова личная жизнь актёров
686 Индексы других классификаций __
2 Код системы rubbk
a Классификационный индекс 85.374.3(2)6
700 Автор _1
a Фамилия Соболева
b Имя (инициалы) М.
801 Источник записи _0
a Страна RU
b Организация МБУК ЦБС г. Ульяновска
c Дата составления 20250527
g Правила каталогизации RCR
801 Источник записи _1
a Страна RU
b Организация МБУК ЦБС г. Ульяновска
c Дата составления 20250527
g Правила каталогизации RCR
901 Тип документа __
t Тип документа b
w Контрольный № источника RU/CBS_UL/BASE/e69d7ada98884a32b8b9b558b198e522
909 Создатель записи __
a Создатель записи lib2